Every Country by Subdivision - Statistics

General Stats
  • This quiz has been taken 25 times
  • The average score is 46 of 196
Answer Stats
Subdivision Answer % Correct
Oran, Tamanrasset Algeria
67%
Otjozondjupa, Windhoek Namibia
60%
Port Moresby, Morobe Papua New Guinea
60%
Patras, Peloponnese Greece
53%
Jaunpiebalga, Daugavpils Latvia
53%
Chiriquí, Darién Panama
53%
Braga, Viseu Portugal
53%
Şırnak, Bursa Turkey
53%
Coventry, Shropshire U.K./United Kingdom
53%
Berat, Durrës Albania
47%
Coober Pedy, Darwin Australia
47%
Tyrol, Innsbruck Austria
47%
Liège, Flanders Belgium
47%
Mostar, Srpska Bosnia and Herzegovina
47%
Xinjiang, Shijiazhuang China
47%
Bornholm, Aarhus Denmark
47%
Orellana, Guayaquil Ecuador
47%
Chandigarh, Nandyal India
47%
Kraljevo, Zaječar Serbia
47%
Lowell, Windham U.S.A/United States of America
47%
Chubut, La Plata Argentina
40%
Kisangani, Tanganika Democratic Republic of the Congo
40%
Hiiu, Tartu Estonia
40%
Dire Dawa, Gambela Ethiopia
40%
Lapland, Rovaniemi Finland
40%
Saint-Malo, Loir-et-Cher France
40%
Dusseldorf, Leipzig Germany
40%
Labe, Kissidougou Guinea
40%
Szabolcs-Szatmár-Bereg, Szeged Hungary
40%
Bangka Belitung, Makassar Indonesia
40%
Offaly, Kinsale Ireland
40%
Palermo, Liguria Italy
40%
Karaganda, Qyzylorda Kazakhstan
40%
Mitrovica, Gjilan Kosovo
40%
Rokiškis, Šakiai Lithuania
40%
Coahuila, Puebla Mexico
40%
Ulcinj, Tuzi Montenegro
40%
Otago, Dunedin New Zealand
40%
Lékoumou, Pointe-Noire Republic of the Congo/Congo
40%
Oñati, Badajoz Spain
40%
Malanje, Chivaúlo Angola
33%
Andrés Ibáñez, Potosí Bolivia
33%
Vidin, Burgas Bulgaria
33%
Zadar, Dubrovnik Croatia
33%
Ome, Cacheu Guinea-Bissau
33%
Kemanshah, Tabriz Iran
33%
Al-Basrah, Mosul Iraq
33%
Sarawak, Kuala Terengganu Malaysia
33%
Mandalay, Pyapon Myanmar/Burma
33%
Rotterdam, Friesland Netherlands
33%
Sorfold, Vestland Norway
33%
Dagestan, Norilsk Russia
33%
Kramfors, Västernorrland Sweden
33%
Sawaeng Ha, Chiang Mai Thailand
33%
Ahal, Balkan Turkmenistan
33%
Sharjah, Fujairah U.A.E/United Arab Emirates
33%
Zhytomyr, Donetsk Ukraine
33%
Soriano, Paysandú Uruguay
33%
Kunar, Warsaj Afghanistan
27%
La Massana, Canillo Andorra
27%
Muharraq, Jidhafs Bahrain
27%
Chattogram, Rajbari Bangladesh
27%
Ivatsevichy, Grodno Belarus
27%
Acre, Santarém Brazil
27%
Bantey Meanchey, Phnum Proek Cambodia
27%
New Brunswick, Banff Canada
27%
Tunjuelito, Medellin Colombia
27%
Alajuela, Cartago Costa Rica
27%
San Cristóbal, San Pedro De Macoris Dominican Republic
27%
Gash Barka, Mgassawa Eritrea
27%
Ashanti, Kumasi Ghana
27%
Corail, Petion-Ville Haiti
27%
Fjarðabyggð,Vopnafjarðarhreppur Iceland
27%
Tel Aviv, Haifa Israel
27%
Savannakhet, Sainyabuli/Xayabury Laos
27%
Aley, Zahlé Lebanon
27%
Kidal, Timbuktu Mali
27%
Uaboe, Arijejen Nauru
27%
Multan, Balochistan Pakistan
27%
Melekeok, Koror Palau
27%
Deir El Balah, Hebron Palestine
27%
Lambaré, Boquerón Paraguay
27%
Warmia-Masuria, Łódź Poland
27%
Dukhan, Al Rayyan Qatar
27%
Variaș, Botoșani Romania
27%
Sandy Point Town, Saint John Figtree Saint Kitts and Nevis
27%
Cap Skirring, Kaolack Senegal
27%
Prešovský, Košice Slovakia
27%
Tainan, Banqiao Taiwan
27%
Pékéyo, Djemah Central African Republic
20%
Araucanía, Valparaíso Chile
20%
Bouake, Sassandra-Marahoué Côte d'Ivoire
20%
Olomouc, Plzeňský Czech Republic/Czechia
20%
Arta, Obock Djibouti
20%
Marigot, Saint Patrick Dominica
20%
Mouila, Ogooué-Maritime Gabon
20%
Gouyave, Saint Mark Grenada
20%
Quetzaltenango, Sayaxché Guatemala
20%
Upper Takutu-Upper Essequibo, West Demerara Guyana
20%
Lempira, Santa Rosa de Copan Honduras
20%
Mafeteng, Quthing Lesotho
20%
Al Wahat, Misrata Libya
20%
Mzuzu, Nkhotakota Malawi
20%
Tiraspol, Hîncești Moldova
20%
Darkhan-Uul, Khovd Mongolia
20%
Tangier-Tétouan-Al Hoceima, Meknes Morocco
20%
Niassa, Quelimane Mozambique
20%
Bhojpur, Pokhara Nepal
20%
Bilma, Zinder Niger
20%
Bitola, Polog North Macedonia
20%
Ibri, Sohar Oman
20%
Cundinamarca, Iquitos Peru
20%
Vieux Fort, Canaries Saint Lucia
20%
Satapuala, Vaisigano Samoa
20%
Najran, Diriyah Saudi Arabia
20%
Koper, Savinja Slovenia
20%
Togdheer, Merca Somalia
20%
Jonglei, Yambio South Sudan
20%
Lausanne, Grisons Switzerland
20%
Vaiaku, Motulalo Tuvalu
20%
Holy See Vatican City
20%
Aden, Ab Dali Yemen
20%
Redonda, Piggotts/St. Mark's Village Antigua and Barbuda
13%
Armavir, Gyumri Armenia
13%
Yevlakh, East Zangezur Azerbaijan
13%
Freeport, Mangrove Cay Bahamas
13%
Holetown, Christ Church Barbados
13%
San Ignacio, Orange Walk Belize
13%
Parakou, Boukoumbé Benin
13%
Toteng, Kweneng Botswana
13%
Ouahigouya, Boulkiemde Burkina Faso
13%
Chari-Baguirmi, Moundou Chad
13%
Camagüey, Holguin Cuba
13%
Manufahi, Liquici East Timor/Timor-Leste
13%
Al Minya, Faiyum Egypt
13%
El Zapote, Sonsonate El Salvador
13%
Kié-Ntem, Bata Equatorial Guinea
13%
Lobamba, Hhohho Eswatini
13%
Macuata, Lautoka Fiji
13%
Port Antonio, Trelawny Jamaica
13%
Fukuoka, Takanezawa Japan
13%
Madaba, Irbid Jordan
13%
Bonriki, Bikenibeu Kiribati
13%
Hawally, Failaka Kuwait
13%
Marsaxlokk, Ħamrun Malta
13%
Zouérat, Bogué Mauritania
13%
Rivière du Rempart, Vacoas-Phoenix Mauritius
13%
Monte Carlo, Fontvieille Monaco
13%
Chinandega, Jinotega Nicaragua
13%
Zaria, Kebbi Nigeria
13%
Hŭngnam, Rason North Korea
13%
Pangasinan, Baguio Philippines
13%
Port Elizabeth, Saint George Saint Vincent and the Grenadines
13%
Montegiardino, Domagnano San Marino
13%
Gyeongsangbuk-do, Uijeongbu-si South Korea
13%
Sabaragamuwa, Galle Sri Lanka
13%
Abu Adh Dhuhur, Masyaf Syria
13%
Jabbor Rasulov, Khujand Tajikistan
13%
Manyara, Tanga Tanzania
13%
Kara, Sokode Togo
13%
Kolovai, Ha'apai Tonga
13%
Couva-Tabaquite-Talparo, Crown Point Trinidad and Tobago
13%
Fernana, Sousse Tunisia
13%
Luganville, Shefa Vanuatu
13%
Thanh Hóa, Hoài Nhơn Vietnam
13%
Punakha, Sarpang Bhutan
7%
Temburong, Selayun Brunei
7%
Rutana, Cankuzo Burundi
7%
Vallee du Ntem, Garoua Cameroon
7%
Mutsamudu, Bangaani Comoros
7%
Larnaca, Kyrenia Cyprus
7%
Rustavi, Samtskhe-Javakheti Georgia
7%
Garissa, Kwale Kenya
7%
Batken, Karakol Kyrgyzstan
7%
Gbarnga, Klay Liberia
7%
Antsiranana,Toamasina Madagascar
7%
Magoodhoo, Vaavu Atoll Maldives
7%
Ailinglaplap, Majuro Marshall Islands
7%
Portinho, Cantagalo São Tomé and Príncipe
7%
Bukit Batok, Yishun Singapore
7%
Temotu, Kirakira Solomon Islands
7%
South Darfur, El Obeid Sudan
7%
Peleloetepu, Sipaliwini Suriname
7%
Sabach Sanjal, Lamin The Gambia
7%
Samarkand, Karakalpakstan Uzbekistan
7%
Barinas, Alberto Arvelo Torrealba Venezuela
7%
Masvingo, Bulawayo Zimbabwe
7%
Ribeira Grande de Santiago, Espargos Cabo Verde/Cape Verde
0%
Pohnpei, Chuuk F.S.M/Micronesia
0%
Triesenberg, Eschen Liechenstein
0%
Boulaide, Diekirch Luexmbourg
0%
Nyanza, Karongi Rwanda
0%
Anse Etoile, Beau Vallon Seychelles
0%
Kenema, Makeni Sierra Leone
0%
Madi-Okollo, Gulu Uganda
0%
Luapula, Kitwe Zambia
0%
No matching quizzes found
Score Distribution
Percent of People with Each Score
Percentile by Number Answered
Your Score History
You have not taken this quiz